| 000 | 00458nam a22001577a 4500 | ||
|---|---|---|---|
| 999 |
_c479961 _d479961 |
||
| 003 | ASAB | ||
| 005 | 20200308165828.0 | ||
| 008 | 160201t xxu||||| |||| 00| 0 eng d | ||
| 038 | _aATTAULLAH | ||
| 040 | _cASAB | ||
| 082 | _a1 | ||
| 100 |
_aMuhammad Ali Abbas-sup-Dr. Muhammad Qasim Hayat _928857 |
||
| 245 |
_aTh-MPhil-molecular identification and phylogeny of selected western Himalayan sedges (cyperaceae) _hThesis |
||
| 300 | _a76 | ||
| 942 |
_2ddc _cTHE |
||